<?xml version="1.0" encoding="UTF-8"?>
<marc:record xmlns:marc="http://www.loc.gov/MARC21/slim">
   <marc:leader>00000nam a2200000 a 4500</marc:leader>
   <marc:datafield ind1="1" ind2=" " tag="100">
      <marc:subfield code="a">Colgan, Jenny</marc:subfield>
      <marc:subfield code="4">aut</marc:subfield>
      <marc:subfield code="e">Verfasser/-in</marc:subfield>
   </marc:datafield>
   <marc:datafield ind1="0" ind2="0" tag="245">
      <marc:subfield code="a">Die kleine Bäckerei am Strandweg</marc:subfield>
   </marc:datafield>
   <marc:datafield ind1=" " ind2="1" tag="264">
      <marc:subfield code="b">Berliner Taschenbuch Verlags GmbH</marc:subfield>
      <marc:subfield code="c">2016</marc:subfield>
   </marc:datafield>
   <marc:datafield ind1="1" ind2=" " tag="490">
      <marc:subfield code="a">Kleine Bäckerei</marc:subfield>
   </marc:datafield>
   <marc:datafield ind1="1" ind2=" " tag="520">
      <marc:subfield code="a">Es klingt fast zu gut um wahr zu sein - Polly wird ihr Hobby zum Beruf machen, und das in Cornwall, auf einer romantischen Insel mit Männerüberschuss. Genau die richtige Kur für ein leeres Konto und ein gebrochenes Herz. Aber die alte Bäckerei ist eine windschiefe Bruchbude, am Meer kann es sehr kalt sein, und der Empfang, den manche Insulaner ihr bereiten, ist mindestens genauso eisig.  Doch bald kauft der halbe Ort ihr wunderbares selbstgebackenes Brot, und Polly wird allmählich heimisch. Nur das mit der Liebe gestaltet sich komplizierter als gedacht....</marc:subfield>
   </marc:datafield>
   <marc:datafield ind1=" " ind2=" " tag="020">
      <marc:subfield code="a">9783833310539</marc:subfield>
      <marc:subfield code="9">9783833310539</marc:subfield>
   </marc:datafield>
</marc:record>
